El Grup Mundo : pecats i penitències d'una premsa de transició / Oriol Pàmies pecats i penitències d'una premsa de transició / Oriol Pàmies
Descripción Física:
139 p. : il. ; 24 cm
Colección:
Vaixells de paper ; 14
MARC
| LEADER | 00000nam a2200000Ia 4500 | ||
|---|---|---|---|
| 001 | 9989 | ||
| 008 | 160829s9999 xx 000 0 cat d | ||
| 080 | |a O-1-36 | ||
| 100 | |a Pàmies, Oriol |9 36413 | ||
| 245 | |a El Grup Mundo : |b pecats i penitències d'una premsa de transició / Oriol Pàmies | ||
| 260 | |a Barcelona : |b Diputació de Barcelona. Col·legi de Periodistes de Catalunya, dl 1993 | ||
| 300 | |a 139 p. : |b il. ; |c 24 cm | ||
| 490 | |a Vaixells de paper ; 14 | ||
| 650 | |a Periodisme |x Catalunya |x Història |9 36414 | ||
| 650 | |a Premsa |x Catalunya |x Història |9 36415 | ||
| 650 | |a Grup Mundo |x Història |9 36416 | ||
| 710 | 2 | |a Col·legi de Periodistes de Catalunya |9 52967 | |
| 901 | |a Arxiu | ||
| 942 | |n 1 | ||
| 952 | |0 0 |1 0 |4 0 |6 O136 |7 1 |9 47312 |a Arxiu |b Arxiu |d 2016-12-01 |l 0 |o O-1-36 |p 9989 |r 2016-12-01 00:00:00 |w 2016-12-01 |y ARXIU | ||
| 999 | |c 51109 |d 51109 | ||